000 007610000a22002050004500
001 768714001
003 CO-MdFUSB
005 20170420123330.0
008 170420s2001 cr ||||| |||| 00| 0 spa d
040 _aCO-MdFUSB
_bspa
_cCO-MdFUSB
_dCO-MdFUSB
041 _aspa
100 1 _aGrego, Roberto
_eautor
245 1 0 _aDiseñemos lecciones niño-céntricas :
_bno caigamos en el error de tratar a los niños como adultos en miniatura
300 _aVolumen 1-4, número 1-12, (2001), Páginas 18-19
_c27 cm.
546 _aTexto en español
650 1 4 _aTRABAJO SOCIAL CON NIÑOS INCAPACITADOS SOCIALMENTE
700 1 _aGrego, Roxana
773 0 _tAlcanzando a los Niños en Riesgo
_049458
_960566
_gVolumen 1-4, número 1-12, (2001)
_qPágina 18
942 _cANA
999 _c49577
_d49577